[Event "King's Gambit A"]
[Site "Lipetsk RUS"]
[Date "2009.06.29"]
[Round "7"]
[White "Airapetian,G"]
[Black "Ivanov,Ol UKR"]
[Result "1/2-1/2"]
[WhiteElo "2369"]
[BlackElo "2461"]
[EventDate "2009.06.23"]

1. e4 e5 2. Nf3 Nc6 3. Bb5 Nf6 4. d3 Bc5 5. O-O d6 6. c3 O-O 7. Nbd2 a6 8.
Ba4 Ba7 9. h3 Ne7 10. Re1 Ng6 11. Nf1 h6 12. Ng3 Nh7 13. d4 Ng5 14. Bxg5
hxg5 15. dxe5 g4 16. hxg4 Bxg4 17. exd6 Ne5 18. Qd5 Nxf3+ 19. gxf3 Qf6 20.
Bd1 cxd6 21. Kg2 Be6 22. Qh5 g6 23. Qh6 Rad8 24. Nh5 Qh8 25. Qxh8+ Kxh8 26.
Nf4 g5 27. Rh1+ Kg7 28. Nh5+ Kg6 29. Bc2 Rh8 30. Rad1 f6 31. Ng3 Rh4 32.
Nf5 Bxf5 33. exf5+ Kg7 34. Be4 Rxh1 35. Rxh1 d5 36. Rd1 d4 37. cxd4 Rxd4
38. Rxd4 Bxd4 39. Bxb7 Bxb2 40. Bxa6 Kf8 41. Kf1 Ke7 42. Ke2 Kd6 43. Kd3
1/2-1/2

[Event "King's Gambit A"]
[Site "Lipetsk RUS"]
[Date "2009.06.30"]
[Round "8"]
[White "Vysochin,S"]
[Black "Slugin,S"]
[Result "1/2-1/2"]
[WhiteElo "2543"]
[BlackElo "2439"]
[EventDate "2009.06.23"]

1. e4 e5 2. Nf3 Nc6 3. Bb5 a6 4. Bxc6 dxc6 5. O-O f6 6. d4 Bg4 7. c3 Bd6 8.
Be3 Ne7 9. Nbd2 O-O 10. Qb3+ Kh8 11. h3 Bh5 12. dxe5 fxe5 13. c4 c5 14.
Qxb7 Qd7 15. Qb3 Bxf3 16. Nxf3 Rxf3 17. gxf3 Qxh3 18. Bg5 Qh5 19. Bxe7 Qg6+
1/2-1/2

[Event "King's Gambit A"]
[Site "Lipetsk RUS"]
[Date "2009.06.30"]
[Round "8"]
[White "Ajrapetian,G"]
[Black "Airapetian,G"]
[Result "0-1"]
[WhiteElo "2366"]
[BlackElo "2369"]
[EventDate "2009.06.23"]

1. e4 e6 2. d4 d5 3. Nd2 c5 4. exd5 Qxd5 5. Ngf3 cxd4 6. Bc4 Qd6 7. O-O Nf6
8. Nb3 Nc6 9. Nbxd4 Nxd4 10. Nxd4 a6 11. Re1 Qc7 12. Bb3 Bd7 13. c3 Bd6 14.
Nf5 Bxh2+ 15. Kh1 O-O-O 16. Ne3 Bc6 17. Qe2 h5 18. Nc4 h4 19. Ne5 Bxe5 20.
Qxe5 Bxg2+ 21. Kxg2 h3+ 22. Kg3 Rd3+ 23. f3 Qxe5+ 24. Rxe5 h2 0-1

[Event "King's Gambit A"]
[Site "Lipetsk RUS"]
[Date "2009.06.30"]
[Round "8"]
[White "Ivanov,Ol UKR"]
[Black "Derbenev,A"]
[Result "1-0"]
[WhiteElo "2461"]
[BlackElo "2408"]
[EventDate "2009.06.23"]

1. e4 Nf6 2. e5 Nd5 3. d4 d6 4. Nf3 Bg4 5. Be2 c6 6. O-O Nd7 7. Ng5 Bxe2 8.
e6 f6 9. exd7+ Qxd7 10. Qxe2 fxg5 11. Bxg5 O-O-O 12. c4 Nc7 13. Nc3 h6 14.
Be3 d5 15. cxd5 Nxd5 16. Nxd5 Qxd5 17. Bf4 e6 18. Rfe1 Bd6 19. Be5 Rhf8 20.
Rad1 Rf5 21. Bg3 Bxg3 22. hxg3 Rd6 23. b3 h5 24. Rd3 Rf6 25. Qc2 Rf5 26.
Qe2 Rf6 27. Qc2 Qa5 28. Re5 Qd8 29. Qc5 b6 30. Qc4 g6 31. Rde3 Qd7 32. R3e4
Kb7 33. a4 Rd5 34. b4 b5 35. axb5 cxb5 36. Qe2 Rxe5 37. Rxe5 Kb6 38. Qe3
Kc6 39. d5+ Kb7 40. dxe6 Qe8 41. Qc5 Rxe6 42. Qd5+ Qc6 43. Qxe6 1-0

[Event "King's Gambit A"]
[Site "Lipetsk RUS"]
[Date "2009.06.30"]
[Round "8"]
[White "Gavrilov,Al1"]
[Black "Gladyszev,O"]
[Result "1/2-1/2"]
[WhiteElo "2470"]
[BlackElo "2434"]
[EventDate "2009.06.23"]

1. e4 c5 2. Nf3 Nc6 3. c3 Nf6 4. e5 Nd5 5. Bc4 Nb6 6. Bb3 d5 7. exd6 c4 8.
Bc2 Qxd6 9. O-O g6 10. Na3 Bg7 11. b3 cxb3 12. axb3 O-O 13. Re1 Bg4 14. h3
Bxf3 15. Qxf3 e5 16. d3 a6 17. Nc4 Qc7 18. Be3 Nd7 19. Bd2 b5 20. Ne3 Nb6
21. Rac1 a5 22. Nd5 Nxd5 23. Qxd5 b4 24. Bd1 Rad8 25. Qc4 Qd6 26. Be3 bxc3
27. Bc5 Qxd3 28. Bxf8 Qxc4 29. bxc4 Bxf8 30. Ba4 Rc8 31. Bxc6 Rxc6 32. Rxe5
1/2-1/2

[Event "King's Gambit A"]
[Site "Lipetsk RUS"]
[Date "2009.06.30"]
[Round "8"]
[White "Zontakh,A"]
[Black "Kasparov,S"]
[Result "1/2-1/2"]
[WhiteElo "2581"]
[BlackElo "2476"]
[EventDate "2009.06.23"]

1. e4 c6 2. d4 d5 3. Nc3 dxe4 4. Nxe4 Bf5 5. Nc5 b6 6. Nb3 e6 7. Nf3 Nf6 8.
g3 a5 9. a4 Bd6 10. Bg2 O-O 11. O-O Nbd7 12. Re1 Rc8 13. c3 Qc7 14. Nbd2
Bd3 15. Ng5 c5 16. Nde4 Bxe4 17. Nxe4 Nxe4 18. Rxe4 Nf6 19. Rh4 cxd4 20.
Rxd4 Bc5 21. Rd3 Rfd8 22. Rxd8+ Rxd8 23. Qe2 Qd7 24. Bf4 h6 25. Bf3 Kf8 26.
Kg2 Qe7 27. Re1 Kg8 28. h4 Bd6 29. Be3 Bc5 30. Bc1 Qe8 31. Qc2 Qe7 32. Qe2
Qe8 33. Qc4 Qe7 34. g4 Nh7 35. Rh1 Nf8 36. g5 hxg5 37. hxg5 Ng6 38. Be4 Qd6
39. Bc2 Qc6+ 40. Qe4 Qxe4+ 41. Bxe4 Ne5 42. Bc2 g6 43. f4 Nc4 44. Kf3 Kf8
45. Rh8+ Ke7 46. Rxd8 Kxd8 47. Bd3 Nd6 48. Bd2 Nf5 49. b4 Bd6 50. Be1 Ne7
51. Bd2 Nd5 52. bxa5 bxa5 53. Ke4 Bc5 54. Bc4 Nb6 55. Bb5 Nd5 56. Bc6 Ne7
57. Ba8 Nf5 58. c4 Bb4 59. Bc1 Kc7 60. Ke5 Bc5 61. Ke4 Bb4 62. Kd3 Bd6 63.
Be4 Ng3 64. Ba8 Kb6 65. Be3+ Bc5 66. Bd4 Nf5 67. Bf6 Kc7 68. Be5+ Kb6 69.
Be4 Nd6 70. Bf6 Kc7 71. Bf3 Nf5 72. Bc3 Kb6 73. Be5 Nd6 74. Be4 Ne8 75. Ba1
Nd6 76. Bd4 Ne8 77. Bxc5+ Kxc5 78. Bb7 Nd6 79. Ba6 Nf5 80. Bb5 Kd6 81. Be8
Ke7 82. Bc6 Kd6 83. Be8 1/2-1/2

[Event "King's Gambit A"]
[Site "Lipetsk RUS"]
[Date "2009.07.01"]
[Round "9"]
[White "Kasparov,S"]
[Black "Gavrilov,Al1"]
[Result "1/2-1/2"]
[WhiteElo "2476"]
[BlackElo "2470"]
[EventDate "2009.06.23"]

1. d4 d5 2. c4 c6 3. cxd5 cxd5 4. Nf3 Nf6 5. Nc3 Nc6 6. Bf4 e6 7. e3 Bd6 8.
Bxd6 Qxd6 9. Bd3 Bd7 10. O-O O-O 11. Rc1 Rfc8 1/2-1/2

[Event "King's Gambit A"]
[Site "Lipetsk RUS"]
[Date "2009.07.01"]
[Round "9"]
[White "Airapetian,G"]
[Black "Vysochin,S"]
[Result "1-0"]
[WhiteElo "2369"]
[BlackElo "2543"]
[EventDate "2009.06.23"]

1. e4 e6 2. d4 d5 3. Nc3 Bb4 4. e5 Ne7 5. a3 Bxc3+ 6. bxc3 c5 7. Qg4 O-O 8.
Bd3 f5 9. exf6 Rxf6 10. Bg5 Rf7 11. Qh5 g6 12. Qd1 Nbc6 13. Nf3 Qf8 14. O-O
c4 15. Be2 h6 16. Bc1 Bd7 17. a4 Rd8 18. Ba3 Bc8 19. Qd2 Qg7 20. Rae1 g5
21. Ne5 Nxe5 22. dxe5 Ng6 23. Bd6 Bd7 24. a5 Nf4 25. Bd1 g4 26. Re3 h5 27.
Rg3 Ba4 28. f3 Qg5 29. Rf2 d4 30. fxg4 dxc3 31. Qe3 h4 32. Rgf3 Rxd6 33.
exd6 e5 34. Be2 Kg7 35. Bxc4 Rf6 36. Be6 Bc6 37. Rxf4 exf4 38. Qd4 f3 39.
gxf3 Qf4 40. Qxc3 Kh7 41. d7 Bb5 42. Qd2 Qe5 43. d8=Q Qxe6 44. Q8d5 1-0

[Event "King's Gambit A"]
[Site "Lipetsk RUS"]
[Date "2009.07.01"]
[Round "9"]
[White "Derbenev,A"]
[Black "Ajrapetian,G"]
[Result "0-1"]
[WhiteElo "2408"]
[BlackElo "2366"]
[EventDate "2009.06.23"]

1. Nf3 Nf6 2. c4 e6 3. Nc3 b6 4. g3 Bb7 5. Bg2 Be7 6. O-O O-O 7. d4 Ne4 8.
Bd2 f5 9. Qc2 Nxc3 10. Bxc3 Be4 11. Qd2 d5 12. Qe3 Nc6 13. Nd2 Bg5 14. f4
Bf6 15. Nxe4 dxe4 16. Rfd1 Qd7 17. Qf2 Rad8 18. e3 Ne7 19. Qc2 Qc8 20. b4
c6 21. a4 a6 22. Qb3 Qd7 23. g4 g6 24. g5 Bg7 25. Bf1 b5 26. axb5 axb5 27.
Ra5 Rb8 28. Rda1 Rb7 29. Ra6 bxc4 30. Qxc4 Rc8 31. R1a5 Nd5 32. Bd2 Bf8 33.
Ra4 h6 34. h4 hxg5 35. hxg5 Nb6 36. Rxb6 Rxb6 37. Qa2 Rb7 38. Bc4 Kf7 39.
Bc3 Re8 40. Ra6 Qc8 41. Qa4 Rc7 42. Qa5 Bd6 43. Qb6 Qb7 44. d5 cxd5 45. Qd4
e5 46. Bxd5+ Ke7 47. fxe5 Qxa6 48. b5 Bc5 49. bxa6 Bxd4 50. Bxd4 Rcc8 51.
a7 Red8 52. Bb7 Rc1+ 53. Kf2 Rc2+ 54. Kg3 Ra2 55. Bb6 Rdd2 56. e6 Kxe6 0-1

[Event "King's Gambit A"]
[Site "Lipetsk RUS"]
[Date "2009.07.01"]
[Round "9"]
[White "Slugin,S"]
[Black "Zontakh,A"]
[Result "1-0"]
[WhiteElo "2439"]
[BlackElo "2581"]
[EventDate "2009.06.23"]

1. Nf3 Nf6 2. c4 g6 3. Nc3 Bg7 4. e4 d6 5. d4 O-O 6. Be2 c5 7. O-O Nc6 8.
d5 Na5 9. Nd2 e5 10. a3 b6 11. b4 Nb7 12. Nb3 Nd7 13. Bd2 f5 14. Qc2 Nf6
15. bxc5 bxc5 16. a4 f4 17. a5 Qe8 18. Nb5 Qe7 19. a6 Nd8 20. f3 g5 21. Na5
g4 22. fxg4 Bxg4 23. Bxg4 Nxg4 24. h3 Nf6 25. Nc6 Nxc6 26. dxc6 Rac8 27. c7
Rxc7 28. Nxc7 Qxc7 29. Rfe1 Qf7 30. Qd3 Qg6 31. Rab1 Bh6 32. Qf3 Qe8 33.
Rb7 Qc6 34. Ra1 Ra8 35. Be1 Bg5 36. Bf2 h5 37. Qb3 Nd7 38. Qb5 Qxb5 39.
cxb5 Nb6 40. Rd1 Nc4 41. b6 axb6 42. a7 Bd8 43. Bh4 1-0

[Event "King's Gambit B"]
[Site "Lipetsk RUS"]
[Date "2009.06.28"]
[Round "6"]
[White "Morev,I"]
[Black "Bezgodova,S"]
[Result "1-0"]
[WhiteElo "2266"]
[BlackElo "2198"]
[EventDate "2009.06.23"]

1. e4 e5 2. Nf3 Nc6 3. Bb5 a6 4. Ba4 Nf6 5. O-O Be7 6. Re1 b5 7. Bb3 d6 8.
c3 O-O 9. h3 Na5 10. Bc2 c5 11. d4 Bb7 12. d5 Nc4 13. b3 Nb6 14. a4 Bc8 15.
Qe2 Bd7 16. c4 Qc7 17. Nc3 bxa4 18. bxa4 Rfb8 19. Nh2 Nc8 20. Nd1 Bd8 21.
Ng4 Nxg4 22. hxg4 Ne7 23. Bd2 Ng6 24. g3 Qc8 25. Ne3 Bg5 26. Nf5 Bxd2 27.
Qxd2 Qc7 28. Rab1 a5 29. Rb5 Bxb5 30. cxb5 Ne7 31. Ne3 c4 32. Qc3 Rc8 33.
Rc1 Qc5 34. Bd1 g6 35. g5 Rc7 36. Qxc4 Rac8 37. Qxc5 Rxc5 38. Rb1 Rc1 39.
Rb2 Rb8 40. b6 Nc8 41. b7 Ne7 42. Rb6 Kg7 43. Kg2 Rc7 44. Rxd6 Rcxb7 45.
Ra6 Rb4 46. d6 Ng8 47. Rxa5 Rxe4 48. Bf3 Rd4 49. Bd5 h6 50. Ra7 Rf8 51. d7
Rd8 52. gxh6+ Nxh6 53. Bc6 f5 54. a5 f4 55. gxf4 exf4 56. Nd5 Ng4 57. Ra8
Ne5 58. Rxd8 Nxc6 59. Rc8 Rxd5 60. Rxc6 Rxd7 61. a6 Rd4 62. Kf3 Rd2 63.
Rc7+ Kf6 64. a7 Ra2 65. Kg4 Ke5 66. f3 Rg2+ 67. Kh4 g5+ 68. Kh5 Ra2 69.
Kxg5 Rg2+ 70. Kh6 Ra2 71. Kg6 Rg2+ 72. Kf7 Ra2 73. Rd7 Ra5 74. Ke7 Ra3 75.
Kd8 Kf5 76. Kc8 Kg5 77. Kb8 1-0

[Event "King's Gambit B"]
[Site "Lipetsk RUS"]
[Date "2009.06.28"]
[Round "6"]
[White "Pesotsky,V"]
[Black "Bezgodova,M"]
[Result "0-1"]
[WhiteElo "2318"]
[BlackElo "2100"]
[EventDate "2009.06.23"]

1. Nf3 d5 2. b4 e6 3. a3 Nf6 4. Bb2 c5 5. b5 Bd6 6. e3 O-O 7. c4 b6 8. d3
Bb7 9. Nbd2 Nbd7 10. Be2 Qc7 11. Qc2 Rad8 12. h3 Ne5 13. O-O dxc4 14. dxc4
Nxf3+ 15. Bxf3 Nd7 16. Bxb7 Qxb7 17. Nf3 f6 18. a4 a5 19. bxa6 Qxa6 20. Qe4
Rfe8 21. Rfd1 Nb8 22. Bc3 Qc8 23. Rdb1 Bc7 24. g3 f5 25. Qh4 Nc6 26. Qh5
Qd7 27. Kg2 h6 28. Rd1 Qf7 29. Qxf7+ Kxf7 30. Kf1 g6 31. Ke2 e5 32. Rd5 e4
33. Nd2 Rxd5 34. cxd5 Ne7 35. d6 Bxd6 36. Nc4 Bc7 37. Rd1 Ke6 38. Be1 Ra8
39. Nb2 Nd5 40. f3 exf3+ 41. Kxf3 Be5 42. Nc4 Rxa4 43. Rxd5 Rxc4 44. Rd8 b5
45. Re8+ Kf6 46. Ba5 Bd6 47. Rd8 Be7 48. Rb8 b4 49. Bc7 Rc1 50. Rb6+ Kf7
51. Rb7 Ke8 52. Kf4 Bf6 53. g4 Rf1+ 54. Kg3 Be7 55. gxf5 gxf5 0-1

[Event "King's Gambit B"]
[Site "Lipetsk RUS"]
[Date "2009.06.28"]
[Round "6"]
[White "Lomako,P"]
[Black "Rysbayeva,N"]
[Result "1-0"]
[WhiteElo "2417"]
[BlackElo "2106"]
[EventDate "2009.06.23"]

1. e4 c6 2. d4 d5 3. exd5 cxd5 4. Bd3 Nc6 5. c3 Qc7 6. Ne2 e6 7. Bf4 Bd6 8.
Bxd6 Qxd6 9. O-O Nf6 10. Nd2 O-O 11. Nf3 Re8 12. Re1 e5 13. dxe5 Nxe5 14.
Nxe5 Rxe5 15. Ng3 Rxe1+ 16. Qxe1 Bg4 17. h3 Be6 18. Qe3 b6 19. Bc2 Re8 20.
Qd4 Bd7 21. Rd1 Qe5 22. Qxe5 Rxe5 23. f3 Kf8 24. Kf2 Bb5 25. Rd2 g6 26. Bb3
h6 27. Rd4 Bc6 28. Nf1 Re7 29. Ne3 Rd7 30. g4 g5 31. Nf5 Ng8 32. h4 f6 33.
Rd1 a5 34. a3 gxh4 35. Nd4 Bb7 36. Rh1 Rh7 37. Rxh4 Ne7 38. Rh5 Ke8 39. Nf5
Nxf5 40. Rxf5 Ke7 41. Bxd5 Bc8 42. Rh5 Rh8 43. Be4 Bd7 44. Bg6 Bc6 45. Ke3
Kf8 46. Be4 Be8 47. Rd5 Ke7 48. Kd4 Bc6 49. Rh5 Be8 50. Rh2 Ke6 51. c4 Bd7
52. Rh5 Be8 53. Rd5 Ke7 54. Kc3 Bc6 55. Rd4 Bd7 56. Rd2 h5 57. gxh5 Rxh5
58. b4 axb4+ 59. axb4 Be6 60. Bd5 Bd7 61. Ra2 Rh1 62. Ra6 b5 63. c5 Rd1 64.
Be4 f5 65. Bd3 Rc1+ 66. Kd2 Rh1 67. Rb6 Rh2+ 68. Ke3 Rb2 69. Bxb5 Rb3+ 70.
Bd3 Be6 71. Kd4 Rb2 72. Ke5 Bd7 73. Bxf5 Re2+ 74. Be4 Ba4 75. c6 Re1 76.
Rb7+ Kd8 77. Kd6 Rd1+ 78. Bd5 Kc8 79. Ra7 Bxc6 80. Kxc6 Rc1+ 81. Kd6 1-0

[Event "King's Gambit B"]
[Site "Lipetsk RUS"]
[Date "2009.06.28"]
[Round "6"]
[White "Rozanov,P"]
[Black "Rysbayeva,A"]
[Result "1/2-1/2"]
[WhiteElo "2306"]
[BlackElo "2167"]
[EventDate "2009.06.23"]

1. Nf3 c5 2. g3 Nf6 3. Bg2 Nc6 4. d4 cxd4 5. Nxd4 d5 6. O-O e5 7. Nxc6 bxc6
8. c4 Bc5 9. Nc3 Bb7 10. cxd5 cxd5 11. Bg5 e4 12. Bxf6 gxf6 13. Qa4+ Qd7
14. Qxd7+ Kxd7 15. Rac1 Bb6 16. Na4 Kd6 17. Rfd1 f5 18. Bh3 Bc8 19. Nc3 Be6
20. e3 Rac8 21. Bf1 Ke5 22. Ba6 Rb8 23. Nb5 Bc8 24. Bxc8 Rhxc8 25. Rxc8
Rxc8 26. Nd4 Rc4 27. b3 Rc3 28. Kf1 a5 29. Ke1 a4 30. bxa4 Rc4 31. Nb3 Rxa4
32. Rd2 h5 33. h4 Ba5 34. Nxa5 Rxa5 35. Ke2 Kd6 36. Rc2 Ra8 37. Kd2 f4 38.
gxf4 f5 39. Kc3 Rc8+ 40. Kb3 Rb8+ 41. Ka4 Ra8+ 42. Kb4 Rb8+ 43. Kc3 Rc8+
44. Kb2 Rb8+ 45. Kc1 Rg8 46. Rb2 Rg4 47. a4 Rxh4 48. a5 Rh1+ 49. Kd2 Ra1
50. Rb6+ Kc5 51. Rh6 d4 52. exd4+ 1/2-1/2

[Event "King's Gambit B"]
[Site "Lipetsk RUS"]
[Date "2009.06.28"]
[Round "6"]
[White "Airapetian,Ta"]
[Black "Nikitin,Y2"]
[Result "0-1"]
[WhiteElo "2125"]
[BlackElo "2292"]
[EventDate "2009.06.23"]

1. e4 c5 2. Nf3 d6 3. d4 cxd4 4. Nxd4 Nf6 5. Nc3 a6 6. Be3 e6 7. f3 b5 8.
Qd2 Nbd7 9. g4 Nb6 10. a4 Nc4 11. Bxc4 bxc4 12. a5 Bb7 13. Na4 d5 14. g5
Nd7 15. exd5 Bxd5 16. O-O-O Rb8 17. Bf4 Rb4 18. Nb6 Nxb6 19. axb6 Qxb6 20.
Qc3 Ra4 21. Qe3 Ra2 22. Be5 Bb4 23. c3 Bc5 24. Kd2 Qxb2+ 25. Ke1 O-O 26. h4
Ra3 27. Rc1 Ra1 28. Bf4 e5 0-1

[Event "King's Gambit B"]
[Site "Lipetsk RUS"]
[Date "2009.06.29"]
[Round "7"]
[White "Tarlev,K"]
[Black "Airapetian,Ta"]
[Result "1-0"]
[WhiteElo "2469"]
[BlackElo "2125"]
[EventDate "2009.06.23"]

1. e4 c5 2. Ne2 d6 3. g3 g6 4. Bg2 Bg7 5. O-O Nc6 6. c3 e5 7. Na3 Nf6 8. d4
O-O 9. Nc4 exd4 10. cxd4 cxd4 11. Nxd4 d5 12. exd5 Nxd5 13. Nxc6 bxc6 14.
Re1 Be6 15. Bd2 Rb8 16. b3 Nc3 17. Qc1 Qd3 18. Bf1 Qd4 19. Be3 Qg4 20. Bh6
Bd4 21. Bxf8 Rxf8 22. Qd2 c5 23. Ne5 Qf5 24. Nc6 Bf6 25. Re5 Bxe5 26. Ne7+
Kg7 27. Nxf5+ Bxf5 28. Re1 Bf6 29. Qf4 h5 30. Re5 Rd8 31. Rxf5 gxf5 32. Bc4
Ne4 33. Qxf5 Nd6 34. Qxh5 Re8 35. Qxc5 Ne4 36. Qh5 Re7 37. Bxf7 1-0

[Event "King's Gambit B"]
[Site "Lipetsk RUS"]
[Date "2009.06.29"]
[Round "7"]
[White "Nikitin,Y2"]
[Black "Rozanov,P"]
[Result "1-0"]
[WhiteElo "2292"]
[BlackElo "2306"]
[EventDate "2009.06.23"]

1. e4 c5 2. Nf3 Nc6 3. Bb5 e6 4. O-O Nge7 5. c3 a6 6. Ba4 c4 7. d3 cxd3 8.
Qxd3 Qc7 9. Be3 b5 10. Bc2 Ng6 11. Nd4 Nce5 12. Qe2 Nc4 13. Bc1 Bd6 14. g3
h5 15. a4 bxa4 16. Rxa4 Nb6 17. Ra5 h4 18. Rh5 hxg3 19. fxg3 Bb7 20. e5
Rxh5 21. Qxh5 Nxe5 22. Bg5 Qc5 23. Nd2 Be7 24. Ne4 Qd5 25. Qh8+ Bf8 26. Bf6
Ng6 27. Qg8 Nc4 28. b3 Nd2 29. c4 Nxe4 30. cxd5 Nxf6 31. Rxf6 gxf6 32. dxe6
O-O-O 33. exd7+ Kb8 34. Qxf7 Bc5 35. Bxg6 Bxd4+ 36. Kf1 Bc6 37. Bf5 Bb5+
38. Ke1 Be5 39. Qd5 Bc3+ 40. Kf2 Bb4 41. Qd4 Ba5 42. g4 Bc7 43. h4 Bc6 44.
h5 Kb7 45. Qxf6 Bb6+ 46. Kg3 Bd5 47. h6 Bc7+ 48. Kh3 1-0

[Event "King's Gambit B"]
[Site "Lipetsk RUS"]
[Date "2009.06.29"]
[Round "7"]
[White "Rysbayeva,A"]
[Black "Lomako,P"]
[Result "1/2-1/2"]
[WhiteElo "2167"]
[BlackElo "2417"]
[EventDate "2009.06.23"]

1. e4 d5 2. exd5 Nf6 3. c4 c6 4. d4 cxd5 5. Nc3 Nc6 6. Nf3 Bg4 7. cxd5 Nxd5
8. Qb3 Bxf3 9. gxf3 Nb6 10. Be3 e6 11. O-O-O Be7 12. d5 exd5 13. Nxd5 Nxd5
14. Rxd5 Qc7 15. Kb1 O-O 16. f4 Nb4 17. Rd4 Rfd8 18. Rxd8+ Rxd8 19. Bc4 Bd6
20. Rg1 Qd7 21. a3 Qf5+ 22. Ka1 Nc2+ 1/2-1/2

[Event "King's Gambit B"]
[Site "Lipetsk RUS"]
[Date "2009.06.29"]
[Round "7"]
[White "Rysbayeva,N"]
[Black "Pesotsky,V"]
[Result "1-0"]
[WhiteElo "2106"]
[BlackElo "2318"]
[EventDate "2009.06.23"]

1. d4 Nf6 2. c4 g6 3. Nc3 Bg7 4. e4 d6 5. Nf3 O-O 6. Be2 Bg4 7. O-O Nfd7 8.
Be3 Nc6 9. h3 Bxf3 10. Bxf3 e5 11. d5 Nd4 12. Nb5 Nxf3+ 13. Qxf3 a6 14. Nc3
c5 15. dxc6 bxc6 16. Rad1 Qc7 17. Rd3 f5 18. Qd1 f4 19. Rxd6 Rad8 20. Bc1
Nc5 21. Rxd8 Rxd8 22. Qg4 Qf7 23. b3 h5 24. Qe2 Ne6 25. Rd1 Nd4 26. Qf1 Bf8
27. Kh1 Bb4 28. Ne2 f3 29. Nxd4 exd4 30. Rd3 fxg2+ 31. Qxg2 c5 32. Rg3 Kh7
33. Rf3 Qe6 34. Qg5 Qxe4 35. Kg2 Re8 36. a3 Be1 37. Qxc5 d3 38. Bg5 d2 39.
Qd6 Bxf2 40. Qd7+ Re7 41. Bxe7 d1=Q 42. Qxd1 Bd4 43. Qd3 1-0

[Event "King's Gambit B"]
[Site "Lipetsk RUS"]
[Date "2009.06.29"]
[Round "7"]
[White "Bezgodova,M"]
[Black "Morev,I"]
[Result "1-0"]
[WhiteElo "2100"]
[BlackElo "2266"]
[EventDate "2009.06.23"]

1. e4 c5 2. Nf3 d6 3. d4 cxd4 4. Nxd4 Nf6 5. Nc3 a6 6. Be2 e6 7. O-O Be7 8.
f4 Nc6 9. Be3 Bd7 10. Qe1 Nxd4 11. Bxd4 Bc6 12. Bd3 O-O 13. Qg3 Ne8 14. Qh3
g6 15. f5 e5 16. Be3 Bg5 17. Bxg5 Qxg5 18. Rf3 Nf6 19. Raf1 Rae8 20. fxg6
fxg6 21. Rg3 Qd2 22. Rd1 Qf4 23. Ne2 Bd7 24. Nxf4 exf4 25. Rxg6+ hxg6 26.
Qh6 Kf7 27. e5 Rxe5 28. Bxg6+ 1-0

[Event "King's Gambit B"]
[Site "Lipetsk RUS"]
[Date "2009.06.30"]
[Round "8"]
[White "Morev,I"]
[Black "Rysbayeva,N"]
[Result "1-0"]
[WhiteElo "2266"]
[BlackElo "2106"]
[EventDate "2009.06.23"]

1. e4 c6 2. d4 d5 3. e5 Bf5 4. Nf3 e6 5. Be2 Nd7 6. O-O c5 7. c3 Ne7 8.
dxc5 Nc6 9. b4 Ncxe5 10. Nd4 Bg6 11. f4 Nc6 12. Bb5 Nxd4 13. cxd4 a6 14.
Bd3 Qf6 15. Be3 Be7 16. Nc3 Bxd3 17. Qxd3 O-O 18. Rf3 g6 19. Rb1 Rfb8 20.
a4 Bd8 21. f5 Bc7 22. fxe6 Qxe6 23. Bf2 Nf8 24. Rf1 Re8 25. Bh4 f5 26. Qd2
Qd7 27. Qa2 Ne6 28. Nxd5 Bd8 29. Nf6+ Bxf6 30. Bxf6 Qf7 31. Be5 Rad8 32.
Qf2 Qd7 33. Bd6 Qxa4 34. d5 Ng7 35. Qb2 Re4 36. Rb3 Rde8 37. Qa3 Qb5 38.
Bg3 Nh5 39. d6 Re2 40. Rd3 Qc6 41. Qb3+ Kf8 42. Qd5 Qd7 43. Bh4 R2e4 44.
Bg5 R8e6 45. Rh3 R4e5 46. Qd4 Kg8 47. Rhf3 Re4 48. Qc3 Rg4 49. Bc1 Nf6 50.
Bb2 Kf8 51. Re3 Qc6 52. g3 Rge4 53. Rfe1 Ke8 54. Rxe4 Rxe4 55. Rxe4+ Qxe4
1-0

[Event "King's Gambit B"]
[Site "Lipetsk RUS"]
[Date "2009.06.30"]
[Round "8"]
[White "Bezgodova,S"]
[Black "Bezgodova,M"]
[Result "0-1"]
[WhiteElo "2198"]
[BlackElo "2100"]
[EventDate "2009.06.23"]

1. e4 e5 2. Nf3 Nc6 3. Nc3 Nf6 4. d4 exd4 5. Nxd4 Bb4 6. Nxc6 bxc6 7. Bd3
d5 8. exd5 cxd5 9. O-O O-O 10. Bg5 c6 11. Ne2 Bd6 12. c3 Bxh2+ 13. Kxh2
Ng4+ 14. Kg1 Qxg5 15. Ng3 Qh4 16. Re1 Bd7 17. Qf3 Rfe8 18. Rad1 Ne5 19. Qe3
Bg4 20. f3 Nxf3+ 21. Kf2 Rxe3 22. Rxe3 Ne5 23. Rde1 Nxd3+ 24. Rxd3 h6 25.
Rd4 Qf6+ 26. Kg1 Be6 27. Nh5 Qg5 28. Nf4 c5 29. Nxe6 fxe6 30. Ra4 Qd2 31.
Rxe6 Qd1+ 0-1

[Event "King's Gambit B"]
[Site "Lipetsk RUS"]
[Date "2009.06.30"]
[Round "8"]
[White "Pesotsky,V"]
[Black "Rysbayeva,A"]
[Result "1/2-1/2"]
[WhiteElo "2318"]
[BlackElo "2167"]
[EventDate "2009.06.23"]

1. e4 c5 2. Nf3 d6 3. d4 cxd4 4. Nxd4 Nf6 5. Nc3 Nc6 6. Be2 e5 7. Nb3 Be7
8. O-O O-O 9. Be3 a5 10. Bf3 a4 11. Nc1 a3 12. b3 Qa5 13. N1e2 b5 14. Nd5
Nxd5 15. Qxd5 Nb4 16. Qd2 Bb7 17. Ng3 Rfd8 18. c3 Na6 19. Rfd1 Nc7 20. Qe1
d5 21. Bd2 dxe4 22. Nxe4 f5 23. Nf6+ Bxf6 24. Bxb7 Rab8 25. b4 Qb6 26. Bf3
e4 27. Be2 Nd5 28. Bf1 Qc6 29. Rac1 Nb6 30. Be3 Nc4 31. Bc5 Nb2 32. Rxd8+
Rxd8 33. Qe2 Nd3 34. Rd1 Rd7 35. Qc2 Nxc5 36. bxc5 Rxd1 37. Qxd1 Qxc5 38.
Qb3+ Kf8 39. Qxb5 Qxb5 40. Bxb5 Bxc3 41. Kf1 Ke7 42. Ke2 Kd6 43. f3 Ke5 44.
fxe4 Kxe4 45. Bc6+ Kf4 46. Bd7 h5 47. Kf1 h4 48. Bc8 Ke4 49. Bb7+ Ke3 50.
Bc8 g6 51. Be6 Be5 1/2-1/2

[Event "King's Gambit B"]
[Site "Lipetsk RUS"]
[Date "2009.06.30"]
[Round "8"]
[White "Rozanov,P"]
[Black "Tarlev,K"]
[Result "0-1"]
[WhiteElo "2306"]
[BlackElo "2469"]
[EventDate "2009.06.23"]

1. d4 e6 2. c4 b6 3. Nf3 Bb7 4. Nc3 Nf6 5. Qc2 Bb4 6. a3 Bxc3+ 7. Qxc3 d6
8. e3 Nbd7 9. Be2 O-O 10. O-O Ne4 11. Qc2 f5 12. b4 Ng5 13. Nxg5 Qxg5 14.
f3 Rf6 15. e4 f4 16. c5 dxc5 17. bxc5 bxc5 18. Rb1 Bc6 19. Bb5 Bxb5 20.
Rxb5 a6 21. Rb7 cxd4 22. Rxc7 Nf8 23. Qc4 Rd8 24. Rc5 Qh4 25. Bd2 Rh6 26.
h3 Rg6 27. Kh1 d3 28. Be1 Qe7 29. Bf2 Rg5 30. Rd1 Rxc5 31. Bxc5 Qc7 32. Qb4
d2 33. Bd4 Qc1 34. Qxd2 Qxa3 35. e5 Qa4 36. Qd3 Rd5 37. Rd2 Qd7 38. Qc3 Ng6
39. Qb4 a5 40. Qb8+ Qd8 41. Qb2 Nxe5 42. Qc3 Ng6 43. Qb2 Ne5 44. Qc3 Qd7
45. Re2 Nxf3 46. Qxf3 Rxd4 47. Qa8+ Qd8 48. Qc6 Rd6 49. Qa4 f3 50. gxf3
Rd1+ 51. Kh2 Rd2 52. Rxd2 Qxd2+ 53. Kg3 Qg5+ 54. Kf2 Qc5+ 55. Kg2 Kf7 56.
Qd7+ Qe7 57. Qd4 Qg5+ 58. Kf2 Qd5 59. Qf4+ Qf5 60. Qc7+ Kg6 61. h4 h6 62.
Qd7 Kh7 63. Qa4 Qc5+ 64. Kg3 Kg6 65. Qe8+ Kf6 66. Qa4 Qb4 67. Qa1+ e5 68.
Qd1 Qf4+ 69. Kh3 Qd4 70. Qc2 a4 71. Qc8 Qd6 72. Qa8 a3 73. Kg3 e4+ 74. f4
Qd3+ 75. Kg2 Qf3+ 0-1

[Event "King's Gambit B"]
[Site "Lipetsk RUS"]
[Date "2009.07.01"]
[Round "9"]
[White "Rysbayeva,A"]
[Black "Morev,I"]
[Result "0-1"]
[WhiteElo "2167"]
[BlackElo "2266"]
[EventDate "2009.06.23"]

1. e4 d6 2. d4 Nf6 3. Nc3 g6 4. Nf3 Bg7 5. Be2 O-O 6. O-O c6 7. Re1 b5 8.
e5 Ne8 9. Bf4 Bg4 10. h3 Bxf3 11. Bxf3 d5 12. Qd2 e6 13. Bh6 a5 14. Nd1 Ra7
15. Bxg7 Nxg7 16. Ne3 h5 17. a4 b4 18. c3 Rb7 19. Rac1 f5 20. exf6 Qxf6 21.
c4 Qg5 22. Nf1 Qd8 23. cxd5 cxd5 24. Bd1 Rbf7 25. Re2 Qb6 26. Bc2 Nc6 27.
Bxg6 Rf4 28. g3 Nxd4 29. gxf4 Nf3+ 30. Kg2 Nxd2 31. Nxd2 e5 32. f5 Nxf5 33.
Bxh5 Qh6 34. Bg4 Nd4 35. Re3 Qf4 36. Rf1 e4 37. Nb3 Nxb3 38. Rxb3 d4 39.
Rg3 Kh8 40. b3 Qd2 41. Kg1 e3 42. fxe3 Rxf1+ 43. Kxf1 dxe3 44. Be2 Qc3 45.
Bc4 e2+ 0-1

[Event "King's Gambit B"]
[Site "Lipetsk RUS"]
[Date "2009.07.01"]
[Round "9"]
[White "Airapetian,Ta"]
[Black "Rozanov,P"]
[Result "1/2-1/2"]
[WhiteElo "2125"]
[BlackElo "2306"]
[EventDate "2009.06.23"]

1. e4 c5 2. Nf3 Nc6 3. d4 cxd4 4. Nxd4 e5 5. Nb5 d6 6. N1c3 a6 7. Na3 b5 8.
Nd5 Nge7 9. c4 Nd4 10. cxb5 Nxd5 11. exd5 Be7 12. Bd3 O-O 13. O-O f5 14.
Be3 Nxb5 15. Nxb5 axb5 16. f4 exf4 17. Bxf4 Qb6+ 18. Kh1 Bd7 19. Qb3 Ra4
20. Bd2 f4 21. Qc2 h6 22. Rae1 Bh4 23. Re4 f3 24. gxf3 Bh3 25. Be3 Qd8 26.
Rxa4 Bxf1 27. Rf4 Bg5 28. Rxf8+ Qxf8 29. f4 Bxf4 30. Bxf4 Bxd3 31. Qxd3
Qxf4 32. Qxb5 Qf2 33. a4 Kh7 34. Qd3+ Kh8 35. a5 Qe1+ 36. Kg2 Qxa5 37. Qd4
1/2-1/2